000 00900nam a2200229Ia 4500
001 17610
003 GE_BSU
008 181216s||||||||xx |||||||||||||| ||und||
040 _cGE_BSU
080 _a129 + 27-1 + 94(479.22)
100 _aკოსტავა,მერაბ
245 _aფიქრები საქართველოს მისიაზე
245 _bსაქართველოს ისტორია;ქართული სულიერება
245 _cრედ.:ნიკო ჭავჭავაძე;მხატვ.:ა. სამაშვილი
260 _aთბილისი
260 _bსაქართველო
260 _c1991
300 _a140 გვ. ; 20 სმ.
653 _aსაქართველოს ისტორია
653 _aქართული სულიერება
942 _cBK
999 _c50659
_d50659